<?xml version="1.0" encoding="UTF-8"?><?xml-stylesheet type="text/xsl" href="static/style.xsl"?><OAI-PMH xmlns="http://www.openarchives.org/OAI/2.0/" xmlns:xsi="http://www.w3.org/2001/XMLSchema-instance" xsi:schemaLocation="http://www.openarchives.org/OAI/2.0/ http://www.openarchives.org/OAI/2.0/OAI-PMH.xsd"><responseDate>2026-04-27T21:45:10Z</responseDate><request verb="GetRecord" identifier="oai:uvadoc.uva.es:10324/46196" metadataPrefix="marc">https://uvadoc.uva.es/oai/request</request><GetRecord><record><header><identifier>oai:uvadoc.uva.es:10324/46196</identifier><datestamp>2021-06-30T05:26:25Z</datestamp><setSpec>com_10324_38</setSpec><setSpec>col_10324_852</setSpec></header><metadata><record xmlns="http://www.loc.gov/MARC21/slim" xmlns:doc="http://www.lyncode.com/xoai" xmlns:xsi="http://www.w3.org/2001/XMLSchema-instance" xmlns:dcterms="http://purl.org/dc/terms/" xsi:schemaLocation="http://www.loc.gov/MARC21/slim http://www.loc.gov/standards/marcxml/schema/MARC21slim.xsd">
<leader>00925njm 22002777a 4500</leader>
<datafield tag="042" ind1=" " ind2=" ">
<subfield code="a">dc</subfield>
</datafield>
<datafield tag="720" ind1=" " ind2=" ">
<subfield code="a">Carmenado Delgado, Marta</subfield>
<subfield code="e">author</subfield>
</datafield>
<datafield tag="260" ind1=" " ind2=" ">
<subfield code="c">2020</subfield>
</datafield>
<datafield tag="520" ind1=" " ind2=" ">
<subfield code="a">En este Trabajo de Fin de Grado, trato de mostrar por qué la prostitución es un problema social y una normalización de la violencia machista, sustentada en la unión de un sistema patriarcal y capitalista que continuamente somete y oprime, generando profundas desigualdades. Es necesario enfocar el origen real del problema en la demanda y no en las supuestas elecciones de las mujeres prostituidas, ya que esto invisibiliza un problema colectivo de cosificación y misoginia extrema. Sólo desde el feminismo abolicionista se puede plantear la erradicación de una estructura que perpetúa y genera la idea de las personas como bienes de consumo. Por ello, mi propuesta socioeducativa se basa en sensibilizar y concienciar a futuras educadoras sociales en la importancia de una Educación Social abolicionista, para que sean capaces de entender y analizar por qué este posicionamiento frente al problema es la única opción para lograr una igualdad real</subfield>
</datafield>
<datafield tag="024" ind2=" " ind1="8">
<subfield code="a">http://uvadoc.uva.es/handle/10324/46196</subfield>
</datafield>
<datafield tag="245" ind1="0" ind2="0">
<subfield code="a">Análisis del sistema prostitucional. Sensibilización y concienciación en abolicionismo al alumnado de educación social</subfield>
</datafield>
</record></metadata></record></GetRecord></OAI-PMH>